Shortest Country (North America) A-Z Blitz Quiz Stats

 Plays Quiz not verified by Sporcle

Challenge
Share
Tweet
Embed
Score 0/14 Timer 01:00
0 Plays Today
Initial Country % Correct
CCuba
93.5%
JJamaica
91.1%
HHaiti
90.9%
UUnited States of America
86.1%
DDominica
81.7%
BBelize
80.8%
AAntigua and Barbuda
78.3%
Initial Country % Correct
MMexico
77.7%
PPanama
75.6%
NNicaragua
74.7%
EEl Salvador
72.1%
GGrenada
71.1%
TTrinidad and Tobago
68.3%
SSaint Lucia
62%

You're not logged in!

Compare scores with friends on all Sporcle quizzes.
Join for Free
OR
Log In

You Might Also Like...

Show Comments

Extras

Top Quizzes Today


Score Distribution

Your Account Isn't Verified!

In order to create a playlist on Sporcle, you need to verify the email address you used during registration. Go to your Sporcle Settings to finish the process.

Report this User

Report this user for behavior that violates our Community Guidelines.

Details: